000 01739nam2a2200289 4500
001 RU\NLR\BIBL_A\022813079
005 20260610164143.0
010 _a978-5-00226-310-3
_bч. 3
035 _a(NLR Aleph) 022813079
090 _a13712065
_c13712065
100 _a20260521d2025 k y0rusy50 ca
101 0 _arus
102 _aRU
105 _ay z 100yy
181 0 _ai
_baxxe
182 0 _an
200 0 _aЧ. 3
_fпод редакцией Л. В. Ковригиной, А. А. Новак
210 _d2025
215 _a276, [1] с.
461 0 _1001RU\NLR\BIBL_A\022813062
_12001#$aМолодежь XXI века: образование, наука, инновацииматериалы$eматериалы XIII всероссийской студенческой научно-практической конференции с международным участием (г. Новосибирск, 13–15 ноября 2024 г.)$eв 3 частях$fМинистерство просвещения Российской Федерации, Новосибирский государственный педагогический университет, Институт детства$gпод редакцией З. В. Бродовской, А. Турок$vЧ. 3
606 1 _aДети с ограниченными возможностями здоровья
_xКоррекционно-развивающее обучение
_jСъезды, совещания и т.п
_2nlr_sh2
_3RU\NLR\AUTH\6601541219
686 1 _aЧ430.1я431
702 1 _aКовригина
_bЛ. В.
_gЛариса Валентиновна
_4340
942 _cBOOK
980 _aNB